000 01114nam a2200265Ia 4500
003 OSt
005 20221005103134.0
006 a|||||r|||| 00| 0
007 ta
008 221004b |||||||| |||| 00| 0 hin d
020 _a9788192369600 (hbk)
_c450
024 _a22440
037 _b63, 27/01/2015, Motilal Banarsidass Publishers Pvt. Ltd.
_cTextual
040 _aCRL
_cCRL
_bhin
041 _2hin
_ahin
082 _aO152,1N52,AG, Q3
100 _aपाण्डेय, सुशील कुमार, ‘साहित्येन्दु’
_9623638
245 0 _aअगस्त्य
246 _aAgastya
260 _aउत्तर
_bप्रदेश कौण्डिन्य साहित्य सेवा समिति भारत
_c2013
300 _a222पृ0
_ccm.
650 _aहिन्दी साहित्य
942 _hO152,1N52,AG, Q3
_cTEXL
_2cc
999 _c1009505
_d1009505